000 00931nam a22002177a 4500
999 _c5107
_d5107
003 AR-CdUCM
008 190312b ||||| |||| 00| 0 spa d
040 _aMUNICIPALIDAD PROVINCIAL DEL CUSCO
_cBIBLIOTECA MUNICIPAL DEL CUSCO
082 _a461 /
_bAL39
100 _aAlemán, Mateo
_915540
245 _aOrtografía castellana /
260 _aMéxico, D.F :
_bEl Colegio de México,
_c1950.
300 _aXXXIX ; 122 páginas ;
_bretrato ;
_c22 cm.
505 _aContenido: Ortografía castellana -- En que manera es música la ortografía i de sus efectos -- De la inorancia de los maestros pasados, cúanto importe la emienda en los presentes, facilitando el escrivir ortógrafamente ...
650 _aLengua española
_91124
650 _aOrtografía
_92067
700 _aRojas Garcidueñas , José J. (editor)
_915541
700 _aNavarro Tomás, Tomás (estudio preliminar)
_915542
942 _2ddc
_cLIBROS
945 _azta